LEADER 01122nam0-2200301---450- 001 990009212830403321 005 20100906114208.0 035 $a000921283 035 $aFED01000921283 035 $a(Aleph)000921283FED01 035 $a000921283 100 $a20100728d1973----km-y0itay50------ba 101 0 $aita 102 $aIT 105 $ay-------001yy 200 1 $aStato e regione$eorientamenti storiografici sull'Italia dell'Ottocento 210 $aGubbio$cCentro di studi umbri$d1973 215 $a579-649 p.$d25 cm 300 $aEstratto da: Prospettive di storia umbra nell'etą del Risorgimento. Atti dell'8. Convegno di studi umbri, Gubbio-Perugia, 31 maggio-4 giugno 1970 : Centro di studi umbri, Casa di Sant'Ubaldo in Gubbio e Palazzo della Sapienza in Perugia a cura della Facoltą di Lettere e filosofia dell'Universitą degli studi 610 0 $aCongressi$aGubbio$a1970 676 $a945.65$v18$zita 801 0$aIT$bUNINA$gREICAT$2UNIMARC 901 $aBK 912 $a990009212830403321 952 $aXII E 48$b45897$fFSPBC 959 $aFSPBC 996 $aStato e regione$9777099 997 $aUNINA LEADER 01603nam 2200505 450 001 9910811712203321 005 20230427230033.0 010 $a1-4832-2101-6 035 $a(CKB)3710000000201209 035 $a(CaPaEBR)ebrary10996530 035 $a(SSID)ssj0001454701 035 $a(PQKBManifestationID)11820761 035 $a(PQKBTitleCode)TC0001454701 035 $a(PQKBWorkID)11496540 035 $a(PQKB)11197401 035 $a(MiAaPQ)EBC3008843 035 $a(EXLCZ)993710000000201209 100 $a20150106h19811981 uy 0 101 0 $aeng 135 $aurcnu|||||||| 181 $ctxt$2rdacontent 182 $cc$2rdamedia 183 $acr$2rdacarrier 200 00$aAbortion and sterilization $emedical and social aspects /$feditor, Jane E. Hodgson ; contributors, S. L. Barron [et al.] 210 1$aLondon ;$aNew York :$cAcademic Press :$cGrune & Stratton,$d1981. 210 4$d©1981 215 $a1 online resource (605 pages) $cillustrations 300 $aBibliographic Level Mode of Issuance: Monograph 311 0 $a1-322-45941-X 311 0 $a0-12-792030-7 320 $aIncludes bibliographical references at the end of each chapters and index. 606 $aAbortion 606 $aSterilization (Birth control) 615 0$aAbortion. 615 0$aSterilization (Birth control) 676 $a363.46 702 $aHodgson$b Jane E 702 $aBarron$b S. L. 801 0$bMiAaPQ 801 1$bMiAaPQ 801 2$bMiAaPQ 906 $aBOOK 912 $a9910811712203321 996 $aAbortion and sterilization$93981325 997 $aUNINA